[Event "Copenhagen Chess Challenge 2009"]
[Site "Ballerup"]
[Date "2009.??.??"]
[Round "8"]
[White "Fredericia, Louise Winther"]
[Black "Jorgensen, Dennis"]
[Result "1/2-1/2"]
[WhiteElo "2100"]
[BlackElo "2197"]
[PlyCount "48"]
[EventDate "2009.??.??"]
[EventType "swiss"]
[EventRounds "9"]
[EventCountry "DEN"]

1. e4 c6 2. d4 d5 3. Nc3 dxe4 4. Nxe4 Bf5 5. Ng3 Bg6 6. Nf3 Nd7 7. h4 h6 8. h5
Bh7 9. Bd3 Bxd3 10. Qxd3 e6 11. Bd2 Ngf6 12. O-O-O Qc7 13. Ne4 Be7 14. Kb1 Rd8
15. Nxf6+ Bxf6 16. Qe4 Qb6 17. Bf4 Qb5 18. Rd3 Nb6 19. Rb3 Qd5 20. Qe2 O-O 21.
g4 Rd7 22. Rg1 Kh8 23. g5 hxg5 24. Nxg5 Qxd4 1/2-1/2

[Event "Copenhagen Chess Challenge 2009"]
[Site "Ballerup"]
[Date "2009.??.??"]
[Round "9"]
[White "Danielsen, Henrik"]
[Black "Brynell, Stellan"]
[Result "1/2-1/2"]
[WhiteElo "2482"]
[BlackElo "2463"]
[PlyCount "127"]
[EventDate "2009.??.??"]
[EventType "swiss"]
[EventRounds "9"]
[EventCountry "DEN"]

1. Nf3 Nf6 2. c4 e6 3. g3 d5 4. b3 c5 5. Bg2 Nc6 6. O-O Be7 7. e3 O-O 8. d3 b6
9. Bb2 Bb7 10. Qe2 Qc7 11. Nc3 Rad8 12. Rfd1 Qb8 13. Rac1 Rd7 14. cxd5 Nxd5 15.
Nxd5 Rxd5 16. Nd2 Rd7 17. d4 Nb4 18. a3 Bxg2 19. Kxg2 Qb7+ 20. Kg1 Nd5 21. dxc5
Bxc5 22. e4 Ne7 23. Nf3 Ng6 24. h4 Rfd8 25. h5 Rxd1+ 26. Rxd1 Rxd1+ 27. Qxd1
Nf8 28. h6 gxh6 29. Ne5 Qxe4 30. Ng4 Nd7 31. Nxh6+ Kf8 32. Ng4 f5 33. Nh6 Ke8
34. b4 Bf8 35. Qh5+ Kd8 36. Nf7+ Kc7 37. Qg5 Qd5 38. Qd8+ Kb7 39. Qe8 Kc7 40.
Ng5 Kd6 41. Bc3 b5 42. Qd8 e5 43. Qe8 Be7 44. Nf7+ Ke6 45. Nh6 Qd1+ 46. Kg2
Qd5+ 47. Kh2 Qf3 48. Qf7+ Kd6 49. Nxf5+ Kc7 50. Bxe5+ Nxe5 51. Qxe7+ Nd7 52.
Qd6+ Kd8 53. Nd4 Qxf2+ 54. Kh3 Qf1+ 55. Kh4 Ke8 56. Qe6+ Kd8 57. Qd5 a6 58.
Ne6+ Ke7 59. Nf4 Qc4 60. Qf5 Nf6 61. Qe5+ Kf7 62. Qe1 Qe4 63. Qxe4 Nxe4 64. Nd5
1/2-1/2

[Event "Copenhagen Chess Challenge 2009"]
[Site "Ballerup"]
[Date "2009.??.??"]
[Round "9"]
[White "Rasmussen, Allan Stig"]
[Black "Semcesen, Daniel"]
[Result "0-1"]
[WhiteElo "2501"]
[BlackElo "2387"]
[PlyCount "110"]
[EventDate "2009.??.??"]
[EventType "swiss"]
[EventRounds "9"]
[EventCountry "DEN"]

1. e4 e5 2. Nf3 Nc6 3. Bb5 a6 4. Ba4 Nf6 5. O-O Be7 6. Re1 b5 7. Bb3 d6 8. c3
O-O 9. h3 Nd7 10. d4 Nb6 11. Nbd2 Bf6 12. Nf1 Re8 13. Ng3 g6 14. Bh6 Na5 15.
Bc2 c5 16. d5 Bd7 17. b3 Nb7 18. Qd2 Bg7 19. Bg5 Bf6 20. Bh6 Bg7 21. Bg5 Bf6
22. Be3 a5 23. Nh2 h5 24. Rf1 a4 25. Rab1 axb3 26. axb3 Ra2 27. Ne2 Qe7 28. g4
hxg4 29. hxg4 Kh7 30. Kg2 Rh8 31. Rh1 Kg8 32. Nc1 Ra8 33. Bd1 Bg7 34. g5 Qe8
35. Ng4 Rxh1 36. Kxh1 Qd8 37. Kg2 Kf8 38. Nd3 Na5 39. Nxc5 Bxg4 40. Bxg4 dxc5
41. Bxc5+ Kg8 42. Qe3 Nd7 43. Bb4 Nb7 44. Be2 Bf8 45. Bxf8 Nxf8 46. Bxb5 Nd6
47. Bc6 Ra2 48. c4 Qc8 49. Qf3 Nh7 50. Rf1 Nxg5 51. Qg3 Ndxe4 52. Qh4 Qf5 53.
d6 Nxd6 54. Rh1 Qf6 55. Bd5 Nf5 0-1

[Event "Copenhagen Chess Challenge 2009"]
[Site "Ballerup"]
[Date "2009.??.??"]
[Round "9"]
[White "Lund, Silas"]
[Black "Rusev, Krasimir"]
[Result "0-1"]
[WhiteElo "2430"]
[BlackElo "2498"]
[PlyCount "70"]
[EventDate "2009.??.??"]
[EventType "swiss"]
[EventRounds "9"]
[EventCountry "DEN"]

1. d4 d5 2. c4 c6 3. Nf3 Nf6 4. e3 Bf5 5. Nc3 e6 6. Nh4 Be4 7. f3 Bg6 8. Qb3
Qc7 9. Bd2 Be7 10. O-O-O dxc4 11. Qxc4 a6 12. Qe2 c5 13. dxc5 Nbd7 14. c6 bxc6
15. g3 a5 16. e4 a4 17. Kb1 O-O 18. Nxg6 hxg6 19. f4 Rfb8 20. Bc1 Bb4 21. Qc2
Qa5 22. Ne2 Nc5 23. Nd4 Rb6 24. Bg2 Rab8 25. Ka1 Bc3 26. bxc3 Qxc3+ 27. Bb2
Qxc2 28. Nxc2 Rxb2 29. Rb1 Rxb1+ 30. Rxb1 Rd8 31. e5 Rd2 32. Bxc6 Rxc2 33. exf6
gxf6 34. Rb2 Rc4 35. a3 Nb3+ 0-1

[Event "Copenhagen Chess Challenge 2009"]
[Site "Ballerup"]
[Date "2009.??.??"]
[Round "9"]
[White "Grandelius, Nils"]
[Black "Berg, Klaus"]
[Result "1-0"]
[WhiteElo "2491"]
[BlackElo "2440"]
[PlyCount "83"]
[EventDate "2009.??.??"]
[EventType "swiss"]
[EventRounds "9"]
[EventCountry "DEN"]

1. d4 g6 2. e4 Bg7 3. Nf3 d6 4. Bc4 Nf6 5. Qe2 O-O 6. e5 dxe5 7. dxe5 Nd5 8.
O-O Bg4 9. Nbd2 e6 10. h3 Bxf3 11. Nxf3 c6 12. Bg5 Qc7 13. Rfe1 h6 14. Bd2 Nd7
15. a3 Rad8 16. Ba2 b5 17. Qe4 N7b6 18. h4 Ne7 19. h5 gxh5 20. Qh4 Nc4 21. Bxc4
bxc4 22. Qxh5 Nf5 23. Re4 Qb6 24. Rxc4 Qxb2 25. Re1 Qxa3 26. Bb4 Qa2 27. Rf4
Rd7 28. Bxf8 Bxf8 29. g4 Ng7 30. Qxh6 Qxc2 31. Ng5 Ne8 32. Qh4 Qg6 33. Ne4 Bg7
34. Nf6+ Nxf6 35. exf6 Bh6 36. Rb4 Rd8 37. Re5 Rd5 38. Rxd5 cxd5 39. f4 Bf8 40.
Rb8 d4 41. g5 d3 42. Qh1 1-0

[Event "Copenhagen Chess Challenge 2009"]
[Site "Ballerup"]
[Date "2009.??.??"]
[Round "9"]
[White "Ivanov, Mikhail"]
[Black "Picard, Romain"]
[Result "1/2-1/2"]
[WhiteElo "2470"]
[BlackElo "2339"]
[PlyCount "81"]
[EventDate "2009.??.??"]
[EventType "swiss"]
[EventRounds "9"]
[EventCountry "DEN"]

1. Nf3 Nf6 2. c4 b6 3. d4 e6 4. Bf4 Bb7 5. e3 Be7 6. h3 O-O 7. Nc3 d5 8. Rc1 c5
9. Be2 cxd4 10. Nxd4 dxc4 11. O-O Nbd7 12. Ndb5 Rc8 13. Nxa7 Rc5 14. Nab5 Qa8
15. f3 Ne5 16. b4 cxb3 17. Qxb3 Rfc8 18. e4 Ba6 19. Be3 Bxb5 20. Bxb5 Nc4 21.
Bxc4 Rxc4 22. Na4 Rxc1 23. Rxc1 Rxc1+ 24. Bxc1 Qc6 25. Be3 b5 26. Qc3 Qd7 27.
Nb6 Qd1+ 28. Kh2 h6 29. Nc8 Bf8 30. Bc5 Bxc5 31. Qxc5 Qd2 32. a3 Qf4+ 33. Kg1
Nd7 34. Ne7+ Kh7 35. Qc8 Nf6 36. Qc2 Qe3+ 37. Kh2 g6 38. Qc7 Kg7 39. Nc6 Qc5
40. e5 Nh5 41. Qd6 1/2-1/2

[Event "Copenhagen Chess Challenge 2009"]
[Site "Ballerup"]
[Date "2009.??.??"]
[Round "9"]
[White "Janev, Evgeni"]
[Black "Lauridsen, Jesper Morch"]
[Result "1-0"]
[WhiteElo "2458"]
[BlackElo "2287"]
[PlyCount "99"]
[EventDate "2009.??.??"]
[EventType "swiss"]
[EventRounds "9"]
[EventCountry "DEN"]

1. e4 c5 2. Nf3 d6 3. c3 Nf6 4. Bd3 Bg4 5. h3 Bd7 6. O-O g5 7. e5 dxe5 8. Nxe5
Nc6 9. Nxd7 Qxd7 10. Be2 O-O-O 11. d3 Rg8 12. Nd2 g4 13. hxg4 Ne5 14. g5 Nxd3
15. Nf3 c4 16. Bxd3 cxd3 17. Qb3 Ne4 18. Bf4 e5 19. Nxe5 Qd5 20. Nxf7 Nxg5 21.
Qxd5 Nh3+ 22. Kh2 Rxd5 23. gxh3 Rg7 24. Ng5 Rf5 25. Ne6 Re7 26. Rae1 Rf6 27.
Bg5 Rexe6 28. Bxf6 Rxf6 29. f4 Bc5 30. Rf3 Rd6 31. Rd1 d2 32. Kg2 Kd7 33. Kf1
Ke6 34. Ke2 Kf5 35. Rxd2 Re6+ 36. Kd1 Bd6 37. Rf1 Rh6 38. Kc2 a6 39. c4 Bxf4
40. Rd7 Ke5 41. Re7+ Kd6 42. Rxb7 Be3 43. Rf3 Bd4 44. b4 Rg6 45. Rxh7 Rg2+ 46.
Kd3 Bb2 47. c5+ Kd5 48. Rh6 Rg5 49. h4 Re5 50. Rd6# 1-0

[Event "Copenhagen Chess Challenge 2009"]
[Site "Ballerup"]
[Date "2009.??.??"]
[Round "9"]
[White "Bekker Jensen, Simon"]
[Black "Tikkanen, Hans"]
[Result "0-1"]
[WhiteElo "2411"]
[BlackElo "2425"]
[PlyCount "120"]
[EventDate "2009.??.??"]
[EventType "swiss"]
[EventRounds "9"]
[EventCountry "DEN"]

1. d4 d5 2. c4 e5 3. dxe5 d4 4. Nf3 Nc6 5. g3 Nge7 6. Bg2 Ng6 7. a3 Ngxe5 8.
Nbd2 a5 9. O-O Be7 10. b3 O-O 11. Bb2 Re8 12. Re1 Nxf3+ 13. Nxf3 Bc5 14. Qd2
Qd6 15. Red1 Bg4 16. h3 Bxf3 17. Bxf3 Ne5 18. Bg2 Rad8 19. Qxa5 d3 20. exd3
Nf3+ 21. Kh1 Re2 22. Bxf3 Rxf2 23. Qc3 Qxg3 24. Qxg7+ Qxg7 25. Bxg7 Rxf3 26.
Be5 Rxh3+ 27. Kg2 Rhxd3 28. Rxd3 Rxd3 29. b4 Bd6 30. Bxd6 cxd6 31. c5 dxc5 32.
bxc5 Rc3 33. Rb1 Rxc5 34. Rxb7 Rc3 35. a4 Ra3 36. Rb4 h6 37. Kf2 Kg7 38. Kg2
Kg6 39. Kf2 Kg5 40. Kg2 f5 41. Rc4 h5 42. Rb4 h4 43. Rc4 h3+ 44. Kh2 f4 45. Rc8
Kg4 46. Rg8+ Kf3 47. Kxh3 Kf2+ 48. Kh2 Rxa4 49. Rb8 Re4 50. Rb3 Re6 51. Rb2+
Re2 52. Rb8 Kf1+ 53. Kh1 f3 54. Ra8 f2 55. Kh2 Re7 56. Ra1+ Ke2 57. Ra2+ Kf3
58. Ra3+ Re3 59. Ra1 Re1 60. Ra3+ Ke4 0-1

[Event "Copenhagen Chess Challenge 2009"]
[Site "Ballerup"]
[Date "2009.??.??"]
[Round "9"]
[White "Carstensen, Jacob"]
[Black "Akdag, Dara Sevkan"]
[Result "1-0"]
[WhiteElo "2331"]
[BlackElo "2199"]
[PlyCount "47"]
[EventDate "2009.??.??"]
[EventType "swiss"]
[EventRounds "9"]
[EventCountry "DEN"]

1. d4 d5 2. c4 c6 3. Nf3 Nf6 4. e3 e6 5. Bd3 Nbd7 6. O-O Bd6 7. Nbd2 O-O 8. e4
dxe4 9. Nxe4 Nxe4 10. Bxe4 h6 11. Bc2 Re8 12. Qd3 Nf6 13. Re1 b6 14. Ne5 Bb7
15. Qg3 Kf8 16. Qh4 c5 17. dxc5 bxc5 18. Bxh6 Bxe5 19. Rxe5 Nd7 20. Bxg7+ Kxg7
21. Rg5+ Kf8 22. Rd1 Qa5 23. Rh5 f6 24. Rh8+ 1-0

[Event "Copenhagen Chess Challenge 2009"]
[Site "Ballerup"]
[Date "2009.??.??"]
[Round "9"]
[White "Tandrup, Michael"]
[Black "Haubro, Martin"]
[Result "1/2-1/2"]
[WhiteElo "1917"]
[BlackElo "1809"]
[PlyCount "43"]
[EventDate "2009.??.??"]
[EventType "swiss"]
[EventRounds "9"]
[EventCountry "DEN"]

1. e4 e5 2. Nf3 d6 3. d4 exd4 4. Nxd4 Nf6 5. Nc3 Be7 6. Bc4 Nc6 7. Nxc6 bxc6 8.
O-O Rb8 9. Re1 O-O 10. h3 Qd7 11. e5 dxe5 12. Qxd7 Nxd7 13. f4 Bc5+ 14. Kh1
exf4 15. Bxf4 Rxb2 16. Bb3 Bb4 17. Na4 Bxe1 18. Rxe1 Rxb3 19. cxb3 Nb6 20. Nc3
h6 21. Bxc7 Be6 22. Rd1 1/2-1/2

[Event "Copenhagen Chess Challenge 2009"]
[Site "Ballerup"]
[Date "2009.??.??"]
[Round "9"]
[White "Matthiesen, Arne"]
[Black "Rossen, Claus"]
[Result "1/2-1/2"]
[WhiteElo "2349"]
[BlackElo "2134"]
[PlyCount "45"]
[EventDate "2009.??.??"]
[EventType "swiss"]
[EventRounds "9"]
[EventCountry "DEN"]

1. d4 Nf6 2. c4 g6 3. Nf3 Bg7 4. g3 O-O 5. Bg2 d5 6. cxd5 Nxd5 7. O-O c5 8.
dxc5 Na6 9. Ng5 Ndb4 10. Qb3 h6 11. Bd2 Nc6 12. Ne4 Kh7 13. Bc3 Nd4 14. Qd1 Bg4
15. f3 Be6 16. e3 Nc6 17. Qc1 Bxc3 18. Qxc3 Qa5 19. Qxa5 Nxa5 20. Nbd2 Rfd8 21.
Rf2 f5 22. Nc3 Nxc5 23. Bf1 1/2-1/2

[Event "Copenhagen Chess Challenge 2009"]
[Site "Ballerup"]
[Date "2009.??.??"]
[Round "9"]
[White "Lauritsen, Martin Lee"]
[Black "Jacobsen, Bo"]
[Result "1/2-1/2"]
[WhiteElo "2063"]
[BlackElo "2325"]
[PlyCount "115"]
[EventDate "2009.??.??"]
[EventType "swiss"]
[EventRounds "9"]
[EventCountry "DEN"]

1. e4 e5 2. Nc3 Nc6 3. Bc4 Nge7 4. Qf3 f6 5. Nge2 Na5 6. b3 Nxc4 7. bxc4 Nc6 8.
Nd5 Bc5 9. c3 O-O 10. O-O d6 11. Ng3 Ne7 12. Bb2 c6 13. Nxe7+ Qxe7 14. d4 Bb6
15. Rad1 g6 16. Qe2 Be6 17. Kh1 Qf7 18. d5 cxd5 19. cxd5 Bd7 20. Ba3 Qe7 21.
Rb1 Rac8 22. Qd3 Rc7 23. f3 Bc8 24. Ne2 Bc5 25. Bxc5 Rxc5 26. Rfc1 b6 27. Rc2
h5 28. Nc1 f5 29. Nb3 fxe4 30. fxe4 Rc7 31. a4 Rf4 32. a5 bxa5 33. Nxa5 Qf6 34.
h3 h4 35. Kg1 g5 36. Rf1 Rf7 37. Rxf4 Qxf4 38. c4 g4 39. hxg4 Bxg4 40. Qd2 Qxe4
41. Qg5+ Kf8 42. Qd8+ Kg7 43. Qg5+ Qg6 44. Qxg6+ Kxg6 45. c5 dxc5 46. Nc6 Rf4
47. Nxe5+ Kf5 48. Nxg4 Rxg4 49. Rxc5 h3 50. Ra5 Rxg2+ 51. Kh1 Rg7 52. Kh2 Rh7
53. d6+ Ke6 54. d7 Rxd7 55. Kxh3 Kd6 56. Kg4 Kc6 57. Kf4 Re7 58. Ra1 1/2-1/2

[Event "Copenhagen Chess Challenge 2009"]
[Site "Ballerup"]
[Date "2009.??.??"]
[Round "9"]
[White "Gandrud, Vegar Koi"]
[Black "Getz, Nicolai"]
[Result "1/2-1/2"]
[WhiteElo "2124"]
[BlackElo "2205"]
[PlyCount "62"]
[EventDate "2009.??.??"]
[EventType "swiss"]
[EventRounds "9"]
[EventCountry "DEN"]

1. d4 d6 2. c4 e5 3. dxe5 dxe5 4. Qxd8+ Kxd8 5. Nc3 Be6 6. e3 Nd7 7. b3 c6 8.
Bb2 Kc7 9. O-O-O Nh6 10. h3 a6 11. Nf3 f6 12. g4 Nf7 13. Nd2 Rd8 14. Be2 Be7
15. Nce4 Nd6 16. Nxd6 Bxd6 17. Ne4 Be7 18. Bc3 Rhf8 19. f4 exf4 20. exf4 g6 21.
Rhf1 f5 22. Ng5 Bg8 23. Bg7 Rfe8 24. Bd3 fxg4 25. hxg4 Bf6 26. Bxf6 Nxf6 27. f5
Nxg4 28. fxg6 hxg6 29. Bxg6 Rxd1+ 30. Rxd1 Re5 31. Nf3 Re7 1/2-1/2

[Event "Copenhagen Chess Challenge 2009"]
[Site "Ballerup"]
[Date "2009.??.??"]
[Round "9"]
[White "Christensen, Bo Garner"]
[Black "Vovk, Oksana"]
[Result "1-0"]
[WhiteElo "2240"]
[BlackElo "2142"]
[PlyCount "91"]
[EventDate "2009.??.??"]
[EventType "swiss"]
[EventRounds "9"]
[EventCountry "DEN"]

1. e4 e6 2. Nf3 d5 3. e5 c5 4. b4 b6 5. bxc5 bxc5 6. c3 Qd7 7. a4 Ba6 8. Bxa6
Nxa6 9. d3 Ne7 10. O-O Nc6 11. Re1 Be7 12. Nbd2 O-O 13. Nf1 f6 14. Bf4 fxe5 15.
Bxe5 Bf6 16. Bxf6 Rxf6 17. Ne3 e5 18. h3 Re8 19. Ng4 Rfe6 20. Rb1 h6 21. Qb3
Nc7 22. Qa3 Qd6 23. Nd2 Na5 24. Ne3 Qc6 25. c4 dxc4 26. dxc4 Rd6 27. Qc3 Nb7
28. Nf3 Rde6 29. Nf5 Nd6 30. Nxe5 Qxa4 31. Nxd6 Rxd6 32. Rb7 Ne6 33. Kh2 Nd4
34. Ra1 Qc2 35. Rxg7+ Kxg7 36. Qg3+ Kf8 37. Rxa7 Re7 38. Ra8+ Re8 39. Rxe8+
Kxe8 40. Qg8+ Ke7 41. Qf7+ Kd8 42. Qf8+ Kc7 43. Qe7+ Kc8 44. Qxd6 Qe4 45. Qxc5+
Kb7 46. Qd5+ 1-0

[Event "Copenhagen Chess Challenge 2009"]
[Site "Ballerup"]
[Date "2009.??.??"]
[Round "9"]
[White "Jorgensen, Dennis"]
[Black "Rhee, Alexander"]
[Result "0-1"]
[WhiteElo "2197"]
[BlackElo "2115"]
[PlyCount "132"]
[EventDate "2009.??.??"]
[EventType "swiss"]
[EventRounds "9"]
[EventCountry "DEN"]

1. d4 Nf6 2. Nf3 d5 3. c4 c6 4. cxd5 cxd5 5. Nc3 Nc6 6. Bf4 Bf5 7. e3 e6 8. Qb3
Bb4 9. Bb5 Qa5 10. Bxc6+ bxc6 11. Ne5 c5 12. dxc5 Ne4 13. Nc6 Bxc3+ 14. Qxc3
Qxc3+ 15. bxc3 Nxc5 16. O-O f6 17. Bg3 Kd7 18. Nd4 Bd3 19. Rfd1 Rhc8 20. Rac1
Bg6 21. Ne2 Nd3 22. Ra1 e5 23. Rd2 Rab8 24. Rad1 Ke6 25. h4 Nb2 26. Re1 Na4 27.
Rc1 Rb6 28. Rcd1 Rb5 29. Rc1 Rbc5 30. Rcd1 R8c6 31. f3 Ra5 32. Be1 Nb6 33. Ng3
Nc4 34. Re2 h5 35. e4 dxe4 36. fxe4 Rca6 37. Bf2 Rxa2 38. Rxa2 Rxa2 39. Rd8
Ra1+ 40. Kh2 Nd6 41. Ra8 Nxe4 42. Nxe4 Bxe4 43. Rxa7 Rxa7 44. Bxa7 Kd5 45. Bb6
Kc4 46. Ba5 Bf5 47. Kg3 Bg4 48. Bb4 e4 49. Kf4 Kd3 50. Bc5 e3 51. Bxe3 g5+ 52.
hxg5 fxg5+ 53. Kxg5 Kxe3 54. Kh4 Kd3 55. Kg3 Kxc3 56. Kf2 Kd3 57. Ke1 Ke3 58.
Kf1 Kd2 59. Kf2 Be2 60. Kg1 Ke3 61. Kh1 Kf2 62. Kh2 Bg4 63. Kh1 Kg3 64. Kg1 Be6
65. Kh1 Bd7 66. Kg1 Bc6 0-1

[Event "Copenhagen Chess Challenge 2009"]
[Site "Ballerup"]
[Date "2009.??.??"]
[Round "9"]
[White "Schmidt, Tommy B"]
[Black "Fredericia, Louise Winther"]
[Result "1-0"]
[WhiteElo "2167"]
[BlackElo "2100"]
[PlyCount "49"]
[EventDate "2009.??.??"]
[EventType "swiss"]
[EventRounds "9"]
[EventCountry "DEN"]

1. d4 d5 2. c4 e6 3. Nf3 Nf6 4. g3 c6 5. Bg2 Bb4+ 6. Bd2 Qe7 7. O-O Nbd7 8. Qc2
O-O 9. Bxb4 Qxb4 10. Nbd2 Qd6 11. Rfd1 b6 12. e4 Nxe4 13. Nxe4 dxe4 14. Qxe4
Bb7 15. Ne5 Rac8 16. c5 Qe7 17. Nc4 bxc5 18. dxc5 Nxc5 19. Qe3 Rfd8 20. Qa3 Kf8
21. Na5 Rxd1+ 22. Rxd1 Rc7 23. h4 Rd7 24. Rxd7 Qxd7 25. Nxb7 1-0

[Event "Copenhagen Chess Challenge 2009"]
[Site "Ballerup"]
[Date "2009.??.??"]
[Round "9"]
[White "Capion, Jon Gotz"]
[Black "Andersen, Kim Nyvang"]
[Result "1/2-1/2"]
[WhiteElo "1662"]
[BlackElo "1914"]
[PlyCount "83"]
[EventDate "2009.??.??"]
[EventType "swiss"]
[EventRounds "9"]
[EventCountry "DEN"]

1. e4 c5 2. Nf3 Nc6 3. d4 cxd4 4. Nxd4 Nf6 5. Nc3 e5 6. Nxc6 bxc6 7. f3 Be7 8.
Bc4 O-O 9. Be3 Bb7 10. Bb3 d5 11. Bg5 d4 12. Ne2 h6 13. Bxf6 Bxf6 14. O-O Bg5
15. Ng3 g6 16. Bc4 Kg7 17. Qd3 a5 18. a4 h5 19. Nh1 Be3+ 20. Nf2 Qh4 21. g3 Qg5
22. Kg2 Qf6 23. Ra3 Bc8 24. Rb3 Qe7 25. Rb6 Qc7 26. Rb3 Bd7 27. Ba6 Rfb8 28.
Rxb8 Rxb8 29. b3 f5 30. Qe2 Qb6 31. Bd3 Rf8 32. Nd1 f4 33. Nxe3 fxe3 34. h4 Qd8
35. Rh1 g5 36. hxg5 Qxg5 37. Qe1 Kh6 38. Be2 Qf6 39. Rh2 Kg6 40. Rh1 Qg5 41.
Rh2 Rh8 42. Rh4 1/2-1/2

[Event "Copenhagen Chess Challenge 2009"]
[Site "Ballerup"]
[Date "2009.??.??"]
[Round "9"]
[White "Nielsen, Poul Bang"]
[Black "Moller, Arne"]
[Result "1-0"]
[WhiteElo "1792"]
[BlackElo "1903"]
[PlyCount "78"]
[EventDate "2009.??.??"]
[EventType "swiss"]
[EventRounds "9"]
[EventCountry "DEN"]

1. e4 c5 2. Nf3 d6 3. d4 cxd4 4. Nxd4 Nf6 5. Nc3 a6 6. Bd3 Nc6 7. Nb3 e6 8. O-O
Be7 9. f4 O-O 10. Kh1 Qc7 11. f5 b5 12. Bf4 Bd7 13. fxe6 fxe6 14. Ne2 Nh5 15.
Be3 Rxf1+ 16. Qxf1 Rf8 17. Qd1 Ne5 18. Ned4 Nf6 19. h3 Nc4 20. Bc1 a5 21. Qe2
e5 22. Nf3 Rc8 23. Nbd2 Be8 24. b3 Nxd2 25. Bxd2 b4 26. a3 bxa3 27. Rxa3 a4 28.
bxa4 Nh5 29. Kh2 Nf4 30. Bxf4 exf4 31. a5 Qc5 32. Ra2 Bf7 33. Ra4 g5 34. a6 h5
35. e5 g4 36. e6 Be8 37. Qe4 Bf6 38. Qh7+ Kf8 39. e7+ Bxe7 1-0

[Event "Copenhagen Chess Challenge 2009"]
[Site "Ballerup"]
[Date "2009.??.??"]
[Round "9"]
[White "Hagen, Andreas Skytte"]
[Black "Smith, Axel"]
[Result "0-1"]
[WhiteElo "2278"]
[BlackElo "2383"]
[PlyCount "88"]
[EventDate "2009.??.??"]
[EventType "swiss"]
[EventRounds "9"]
[EventCountry "DEN"]

1. e4 c5 2. Nf3 d6 3. d4 cxd4 4. Nxd4 Nf6 5. Nc3 a6 6. Bg5 e6 7. f4 Nbd7 8. Qf3
Qc7 9. O-O-O b5 10. Bd3 Bb7 11. Rhe1 Qb6 12. Qe3 b4 13. Nce2 a5 14. e5 Nd5 15.
Qh3 dxe5 16. Nxe6 Qxe6 17. Bf5 Qd6 18. Nd4 g6 19. Nb5 gxf5 20. Nxd6+ Bxd6 21.
fxe5 Be7 22. Bxe7 Nxe7 23. e6 Nf6 24. Qh4 Ned5 25. exf7+ Kxf7 26. Re5 f4 27.
Rf5 Ra6 28. Qh5+ Ke7 29. Re5+ Re6 30. Qf5 Rxe5 31. Qxe5+ Kf7 32. Qd4 Re8 33.
Rf1 Re7 34. g3 Bc8 35. gxf4 Bf5 36. Qc4 Rc7 37. Qb3 Bxc2 38. Qg3 Bd3+ 39. Kd1
Bxf1 40. f5 Re7 41. Qh4 Bd3 42. Qg5 Re2 43. Qg3 Ne3+ 44. Kc1 Rc2+ 0-1

[Event "Copenhagen Chess Challenge 2009"]
[Site "Ballerup"]
[Date "2009.??.??"]
[Round "9"]
[White "Bejtovic, Jasmin"]
[Black "Hvenekilde, Jorgen"]
[Result "1/2-1/2"]
[WhiteElo "2306"]
[BlackElo "2184"]
[PlyCount "143"]
[EventDate "2009.??.??"]
[EventType "swiss"]
[EventRounds "9"]
[EventCountry "DEN"]

1. e4 e5 2. Nf3 Nc6 3. d4 exd4 4. Nxd4 g6 5. Nc3 Bg7 6. Be3 d6 7. Bc4 Nf6 8. f3
O-O 9. Qd2 Ne5 10. Be2 a6 11. O-O-O b5 12. Nd5 Bb7 13. Bg5 c5 14. Nb3 Bxd5 15.
exd5 b4 16. f4 Ned7 17. f5 a5 18. Qf4 a4 19. Nd2 h6 20. Bxh6 Nxd5 21. Qg5 a3
22. bxa3 bxa3 23. Nc4 Bb2+ 24. Kd2 Bc3+ 25. Kd3 Bf6 26. Qg3 Ne5+ 27. Nxe5 Bxe5
28. Qg4 Qa5 29. Bd2 Qa6+ 30. Qc4 Qxc4+ 31. Kxc4 Nb6+ 32. Kd3 c4+ 33. Ke4 gxf5+
34. Kxf5 Rfe8 35. Bf3 Rac8 36. Be3 Na4 37. Rd5 Re6 38. Bg5 Bb2 39. Ra5 Nc3 40.
Bf6 Rxf6+ 41. Kxf6 Nxa2+ 42. Ke7 Rc5 43. Rxc5 dxc5 44. Bd5 Nb4 45. Bxf7+ Kg7
46. Bxc4 a2 47. Bxa2 Nxa2 48. Kd6 Bd4 49. g4 Nc3 50. h4 Nb5+ 51. Kd5 Nc3+ 52.
Kc4 Ne4 53. Re1 Nd2+ 54. Kd5 Nf3 55. Rh1 Nd2 56. Rh3 Nb1 57. Rd3 Nc3+ 58. Kc4
Ne4 59. Rxd4 cxd4 60. Kxd4 Nf6 61. g5 Ne8 62. Ke5 Kg6 63. Ke6 Ng7+ 64. Kd7 Nf5
65. c4 Nxh4 66. c5 Nf3 67. Ke6 Nxg5+ 68. Ke7 Kf5 69. c6 Ne6 70. Kd6 Kf6 71. c7
Nxc7 72. Kxc7 1/2-1/2

[Event "Copenhagen Chess Challenge 2009"]
[Site "Ballerup"]
[Date "2009.??.??"]
[Round "9"]
[White "Schmidt, Horst Hubert"]
[Black "Nielsen, Thomas (1975)"]
[Result "1-0"]
[WhiteElo "1837"]
[BlackElo "1970"]
[PlyCount "61"]
[EventDate "2009.??.??"]
[EventType "swiss"]
[EventRounds "9"]
[EventCountry "DEN"]

1. e4 c6 2. c4 d5 3. exd5 cxd5 4. d4 Nf6 5. Nc3 Nc6 6. Nf3 Bg4 7. Be3 e6 8.
cxd5 exd5 9. Be2 Bb4 10. O-O O-O 11. h3 Bxc3 12. bxc3 Bh5 13. Bg5 Qd6 14. Bxf6
gxf6 15. Nh4 Bxe2 16. Qxe2 Qf4 17. g3 Qg5 18. Kh2 Rfe8 19. Qd3 Re4 20. Rae1
Rae8 21. Rxe4 Rxe4 22. f4 Qh5 23. Nf3 Na5 24. g4 Qh6 25. g5 fxg5 26. Nxg5 Re7
27. Rg1 Kh8 28. Qf5 f6 29. Qc8+ Kg7 30. Nf7+ Kxf7 31. Qg8# 1-0